<?xml version="1.0" encoding="UTF-8"?>
<collection xmlns="http://www.loc.gov/MARC21/slim">
 <record>
  <leader>01742nam a2200241 a 4500</leader>
  <controlfield tag="001">TVCDKTCT5802</controlfield>
  <controlfield tag="003">Thư viện trường Cao đẳng Kỹ thuật Cao Thắng</controlfield>
  <controlfield tag="005">20060803000000</controlfield>
  <controlfield tag="008">060803</controlfield>
  <datafield tag="980" ind1="\" ind2="\">
   <subfield code="a">Thư viện Trường CĐ Kỹ Thuật Cao Thắng</subfield>
  </datafield>
  <datafield tag="024" ind1=" " ind2=" ">
   <subfield code="a">RG_1 #1 eb0 i1</subfield>
  </datafield>
  <datafield tag="041" ind1="0" ind2="#">
   <subfield code="a">vie</subfield>
  </datafield>
  <datafield tag="082" ind1="#" ind2="#">
   <subfield code="a">370.152 / </subfield>
   <subfield code="b">CH305L-j</subfield>
  </datafield>
  <datafield tag="100" ind1="1" ind2="#">
   <subfield code="a">Trout Jack</subfield>
  </datafield>
  <datafield tag="245" ind1="0" ind2="0">
   <subfield code="a">Chiến lược chiếm lĩnh thị trường /</subfield>
   <subfield code="c">Trout Jack, Quang Triết</subfield>
  </datafield>
  <datafield tag="250" ind1="#" ind2="#">
   <subfield code="a">In lần thứ 1</subfield>
  </datafield>
  <datafield tag="260" ind1="#" ind2="#">
   <subfield code="a">H. :</subfield>
   <subfield code="b">Thống Kê ,</subfield>
   <subfield code="c">2005</subfield>
  </datafield>
  <datafield tag="300" ind1="#" ind2="#">
   <subfield code="a">144tr. ;</subfield>
   <subfield code="c">20cm</subfield>
  </datafield>
  <datafield tag="520" ind1="#" ind2="#">
   <subfield code="a">Xu thế toàn cầu hóa đã khiến thị trường ngày càng rộng mở, không còn ranh giới giữ các quốc gia trong thương trường ấy, nếu muốn thành công bạn phải có một đội ngũ nhân viên tài năng, với tinh thần làm việc hăng say, phương tiện vật chất hiện đại...là đủ mà cần phải có chiến lược đúng đắn mới mở được cánh cửa của thành công.</subfield>
  </datafield>
  <datafield tag="520" ind1="#" ind2="#">
   <subfield code="a">&quot; Chiến lược chiếm lĩnh thị trường&quot; -mang đến cho bạn cái nhìn chuẩn xác về tầm quan trọng của chiến lược kinh doanh.</subfield>
  </datafield>
  <datafield tag="520" ind1="#" ind2="#">
   <subfield code="a">Giới thiệu những chiến lược mới có thể kết hợp để tạo nên sức mạnh giúp doanh nghiệp sống còn trong cuộc chiến thương mại cam go đầy thử thách của nền kinh tế thị trường hiện nay!</subfield>
  </datafield>
  <datafield tag="650" ind1="#" ind2="4">
   <subfield code="a">Chiến lược kinh doanh</subfield>
  </datafield>
  <datafield tag="700" ind1="0" ind2="#">
   <subfield code="a">Quang Triết, </subfield>
   <subfield code="e">Tác giả</subfield>
  </datafield>
 </record>
</collection>
